| 000 | nam a22 7a 4500 | ||
|---|---|---|---|
| 999 |
_c138955 _d138953 |
||
| 005 | 20180320083726.0 | ||
| 008 | 180307b sp ||||| |||| 00| 0 spa d | ||
| 020 | _a8492342730 | ||
| 050 | 0 | 4 |
_aSF757.8 _bO27 2001 |
| 100 | 1 | _aO'Brien, Robert T. | |
| 245 | 1 | 0 |
_aRadiología torácica en pequeños animales _c / Robert T. O'Brien |
| 250 | _a1a. | ||
| 260 |
_aEspaña : _bMultimedica, _c2001 |
||
| 300 |
_a142 p : _bil ; _c21 cm. |
||
| 490 | 1 | _aManual de Consulta Rápida | |
| 504 | _aIncluye bibliografía e índice | ||
| 650 | 7 |
_2Lemb _aRadiología veterinaria _xGatos _xEnfermedades _xDiagnóstico |
|
| 650 | 7 |
_2Lemb _aPecho _xRadiología |
|
| 650 | 7 |
_2Lemb _aRadiología veterinaría _xPerros _xEnfermedades _xDiagnóstico |
|
| 942 |
_2lcc _cLIB |
||